La expresión corporal: su enseñanza por el método natural evolutivo
Na minha lista:
| Autor principal: | |
|---|---|
| Formato: | Livro |
| Idioma: | espanhol |
| Publicado em: |
Barcelona
Inde
2004
|
| Edição: | 1a. ed |
| Colecção: | Colección Educación Física
|
| Assuntos: | |
| Tags: |
Adicionar Tag
Sem tags, seja o primeiro a adicionar uma tag!
|
MARC
| LEADER | 00000nam a2200000 a 4500 | ||
|---|---|---|---|
| 001 | UCJ1070 | ||
| 003 | CL-VaPUC | ||
| 008 | 060929e20040000SP |||||||||||||||||spa|d | ||
| 020 | |a 8497290399 | ||
| 082 | 0 | 4 | |a 372.86 |b MON |2 21 |
| 100 | |a Montesinos Ayala, Diego |e autor |9 501604 | ||
| 245 | 1 | 3 | |a La expresión corporal: su enseñanza por el método natural evolutivo |
| 250 | |a 1a. ed | ||
| 300 | |a 131 p | ||
| 942 | |c BK | ||
| 945 | |d 20060929 00:00:00 |a cmena | ||
| 260 | |a Barcelona |b Inde |c 2004 | ||
| 650 | 0 | |a Expresión corporal |9 308898 | |
| 650 | 0 | |a Educación física |9 240893 | |
| 650 | 0 | |a Métodos de enseñanza |9 270413 | |
| 583 | |a last modification |c 20060929 00:00:00 |k Rodrigo Vera | ||
| 490 | 0 | |a Colección Educación Física | |
| 999 | |c 317788 |d 317786 | ||
| 952 | |0 0 |1 0 |4 0 |6 372_860000000000000_MON_2004 |7 0 |8 A |9 394714 |a BIBEDU |b BIBEDU |d 2019-11-22 |i 4235274 |o 372.86 MON 2004 |p 4235274 |r 2019-11-22 |w 2019-11-22 |y BK |k EFI | ||
| 952 | |0 0 |1 0 |4 0 |6 372_860000000000000_MON_2004 |7 0 |8 A |9 394715 |a BIBEDU |b BIBEDU |d 2019-11-22 |i 4235282 |l 1 |o 372.86 MON 2004 |p 4235282 |r 2024-07-12 |s 2024-06-26 |w 2019-11-22 |y BK |k EFI | ||